Loading...

Thejomayam /

Bibliographic Details
Main Author: Sarah Joseph
Format: Printed Book
Language:Malayalam
Published: Thrissur : Current books, 2017
Subjects:
LEADER 00579 a2200169 4500
008 190506b ||||| |||| 00| 0 mal d
999 |c 333560  |d 333560 
020 |a 9788122608731 
082 |a 853.492 THE 
100 |a Sarah Joseph 
245 |a Thejomayam /  |c Sara Joseph 
260 |b Current books,  |c 2017  |a Thrissur : 
300 |a 88p. ;  |c 21 cm. 
546 |a Malayalam 
650 |a Malayalam fiction 
942 |2 ddc  |c BK 
952 |0 0  |1 0  |2 ddc  |4 0  |6 853_492000000000000_THE_M  |7 0  |9 381238  |a UL  |b UL  |c ST1  |d 2019-04-04  |g 56.95  |l 7  |m 3  |o 853.492 THE M  |p 99482  |q 2022-01-22  |r 2021-12-23  |s 2021-12-23  |v 85.00  |y BK